Library Banner

اور لائن کٹ گئی (Record no. 79462)

MARC details
000 -LEADER
fixed length control field 00393nam a22001457a 4500
005 - DATE AND TIME OF LATEST TRANSACTION
control field 20151202121947.0
008 - FIXED-LENGTH DATA ELEMENTS--GENERAL INFORMATION
fixed length control field 151202b xxu||||| |||| 00| 0 eng d
040 ## - CATALOGING SOURCE
Transcribing agency PK-LaUMT
082 ## - DEWEY DECIMAL CLASSIFICATION NUMBER
Classification number MSC 954.91
Item number KOS-A
100 ## - MAIN ENTRY--PERSONAL NAME
Personal name کوثر نیازی
245 ## - TITLE STATEMENT
Title اور لائن کٹ گئی
Statement of responsibility, etc کوثر نیازی
260 ## - PUBLICATION, DISTRIBUTION, ETC. (IMPRINT)
Place of publication, distribution, etc لاہور
Name of publisher, distributor, etc جنگ پبلشرز
Date of publication, distribution, etc 1987
300 ## - PHYSICAL DESCRIPTION
Extent 210 ص
942 ## - ADDED ENTRY ELEMENTS (KOHA)
Koha item type Books
Holdings
Withdrawn status Lost status Damaged status Home library Current library Date acquired Full call number Barcode Date last seen Price effective from Koha item type
      UMT Main Campus UMT Main Campus 2015-12-02 MSC 954.91 KOS-A 95529 2022-01-10 2015-12-02 Books